<?xml version="1.0" encoding="UTF-8"?>
<collection xmlns="http://www.loc.gov/MARC21/slim">
 <record>
  <leader>00544pamaa2200181   4500</leader>
  <controlfield tag="001">0000019757</controlfield>
  <controlfield tag="005">20120216090000.0</controlfield>
  <datafield tag="020" ind1="0" ind2="0">
   <subfield code="a">0471337900 </subfield>
  </datafield>
  <datafield tag="082" ind1=" " ind2=" ">
   <subfield code="a">005.74 DOR</subfield>
  </datafield>
  <datafield tag="090" ind1="0" ind2="0">
   <subfield code="a">QA76.9 </subfield>
   <subfield code="b">DOR 1996</subfield>
  </datafield>
  <datafield tag="100" ind1="1" ind2="0">
   <subfield code="a">D'ORAZIO </subfield>
  </datafield>
  <datafield tag="245" ind1="1" ind2="0">
   <subfield code="a">Practical data modelling for database disign  </subfield>
   <subfield code="c">Renzo D'Orazio and Gunter Happel.</subfield>
  </datafield>
  <datafield tag="260" ind1="0" ind2="0">
   <subfield code="a">Brisbane: </subfield>
   <subfield code="b">John Wiley, </subfield>
   <subfield code="c">1996.</subfield>
  </datafield>
  <datafield tag="300" ind1=" " ind2=" ">
   <subfield code="a">xii, 284p.: </subfield>
   <subfield code="b">25cm.</subfield>
  </datafield>
  <datafield tag="440" ind1="0" ind2="4">
   <subfield code="a">The information technology series</subfield>
  </datafield>
  <datafield tag="650" ind1="0" ind2="0">
   <subfield code="a">Database design </subfield>
  </datafield>
  <datafield tag="650" ind1="0" ind2="0">
   <subfield code="a">Data structures (Computer science) </subfield>
  </datafield>
  <datafield tag="700" ind1="1" ind2="1">
   <subfield code="a">Happel, </subfield>
   <subfield code="h">Gunter </subfield>
  </datafield>
 </record>
</collection>
